| 000 | 00850nam a2200241Ia 4500 | ||
|---|---|---|---|
| 003 | 0 | ||
| 005 | 20250129095011.0 | ||
| 008 | 190208s9999 xx 000 0 und d | ||
| 050 |
_aPGS LB 1576 _b.P153 2016 |
||
| 100 | _aPalacio, Marco Pagaduan. | ||
| 245 |
_aPenmanship and writing fluency of SISC grade 6 students / _cMarco Pagaduan Palacio. |
||
| 260 |
_aLas PiƱas City, Philippines : _bSouthville International School and Colleges, _c2016. |
||
| 300 |
_a38 p. : _bill. ; _c28 cm. |
||
| 504 | _aIncludes bibliographical references. | ||
| 650 | _aPenmanship. | ||
| 650 |
_aWriting _vHandwriting. |
||
| 650 | _aFluency (Language arts). | ||
| 650 |
_aWriting _vStudy and teaching. |
||
| 650 |
_aHandwriting _vEvaluation. |
||
| 650 | _aWriting skills in children. | ||
| 650 |
_aEducation, Elementary _vWriting instruction. |
||
| 942 |
_2lcc _cPASS |
||
| 999 |
_c361269 _d361269 |
||